000 00389nam a2200145 i 4500
001 bg
100 1 _aSTELLER, K.
245 0 _aErozja kawitacyjna w maszynach i urządzeniach przepływowych /
_cK. Steller, T. Krzysztofowicz.
260 _aGdańsk,
_c1983.
700 1 _aKRZYSZTOFOWICZ, T.
040 _cBPK
041 _apol
942 _cKS
008 s pl f |000 0 pol
999 _c22370
_d22370
856 _uhttp://koha.tu.koszalin.pl/cgi-bin/koha/opac-detail.pl?biblionumber=22370
_yKatalog online BPK